Francés : C.O.U, Curso de Orientación Universitaria

Gespeichert in:
Bibliographische Detailangaben
Körperschaft: Instituto Nacional de Bachillerato a Distancia
Weitere Verfasser: Andrés de Paúl, Milagrosa
Format: Buch
Sprache:Spanisch
Erschienen: Madrid : INBAD, 1986
Katalog:MANES:  Suchergebnis im Bibliothekskatalog
Schulbuchspezifische Eigenschaften:
Tags: Tag hinzufügen
Keine Tags, Fügen Sie den ersten Tag hinzu!
Hinzugefügt zu:29.11.1999
Geändert in:07.05.2025

MARC

LEADER 00000cam a2200000 i 4500
005 20250507134600.0
008 000000s1986 espa fp 1000 0 spa d
020 |a 8436912977 
040 |a uned  |b spa  |c entro-manes 
245 0 0 |a Francés :   |b C.O.U, Curso de Orientación Universitaria /   |c [Seminario de Francés del INBAD : Milagrosa Andrés de Paúl ... (et al.)] 
260 |a Madrid :   |b INBAD,   |c 1986 
300 |a 197 p. :   |b il. 
546 |a España 
561 |5 es-BUNED  |3 L.T.M. 0724  |a España. Fondo Manes UNED  |k MANES 
690 0 |a LE 
691 0 |a SE 
700 1 |a Andrés de Paúl, Milagrosa  |9 40905 
710 2 |a Instituto Nacional de Bachillerato a Distancia  |c (España)   |9 36953 
942 |2 ddc  |c BK 
999 |c 97839  |d 97839 
999 |c manes:97839  |d 97839